[Event "24. European Club Cup 2008"]
[Site "Kallithea GRE"]
[Date "2008.10.20"]
[Round "4.28"]
[White "Okkes, Menno"]
[Black "Jeitz, Christian"]
[Result "1-0"]
[WhiteElo "2359"]
[BlackElo "2251"]
[PlyCount "119"]
[EventDate "2008.10.17"]
[EventType "team-swiss"]
[EventRounds "7"]
[EventCountry "GRE"]
[Source "lmi"]
[SourceDate "2008.10.17"]
[WhiteTeam "Utrecht"]
[BlackTeam "Differdange"]

1. e4 c5 2. Nf3 Nc6 3. d4 cxd4 4. Nxd4 Nf6 5. Nc3 e6 6. Ndb5 Bb4 7. a3 Bxc3+ 8.
Nxc3 d5 9. exd5 exd5 10. Bd3 O-O 11. O-O d4 12. Ne4 Bf5 13. Bg5 Bxe4 14. Bxe4
h6 15. Bxf6 Qxf6 16. Re1 Rfd8 17. Qh5 Rac8 18. Rad1 Re8 19. Qf5 Qxf5 20. Bxf5
Rxe1+ 21. Rxe1 Rd8 22. Kf1 Kf8 23. f4 g6 24. Be4 Rd6 25. g3 Na5 26. Bd3 b6 27.
h4 Nb7 28. b4 Nd8 29. Kf2 Ne6 30. Kf3 h5 31. f5 Nc7 32. fxg6 fxg6 33. Re5 Kf7
34. Rg5 Rf6+ 35. Ke4 Re6+ 36. Kxd4 Rd6+ 37. Ke4 Kf6 38. Kf3 Kf7 39. Ke2 Re6+
40. Kd2 Rd6 41. Kc1 Ne6 42. Bc4 Kf6 43. Bxe6 Rxe6 44. Kb2 Re4 45. c3 a6 46. a4
Re5 47. c4 Rxg5 48. hxg5+ Kxg5 49. c5 bxc5 50. b5 axb5 51. axb5 Kg4 52. b6 Kxg3
53. b7 h4 54. b8=Q+ Kg2 55. Qb7+ Kh2 56. Qc7+ Kg2 57. Qc6+ Kh2 58. Qd6+ Kh1 59.
Qd5+ Kh2 60. Qe5+ 1-0

[Event "24. European Club Cup 2008"]
[Site "Kallithea GRE"]
[Date "2008.10.20"]
[Round "4.28"]
[White "Gengler, Pierre"]
[Black "Michielsen, Joost"]
[Result "0-1"]
[WhiteElo "2200"]
[BlackElo "2365"]
[PlyCount "120"]
[EventDate "2008.10.17"]
[EventType "team-swiss"]
[EventRounds "7"]
[EventCountry "GRE"]
[Source "lmi"]
[SourceDate "2008.10.17"]
[WhiteTeam "Differdange"]
[BlackTeam "Utrecht"]

1. e4 c5 2. Nc3 d6 3. f4 g6 4. Nf3 Bg7 5. Bc4 Nc6 6. O-O e6 7. d3 Nge7 8. Qe1
O-O 9. f5 gxf5 10. Bg5 f6 11. Bd2 Na5 12. Rd1 b6 13. exf5 d5 14. Bb5 a6 15. Ba4
b5 16. Bb3 Nxf5 17. Ne2 Nxb3 18. axb3 e5 19. b4 cxb4 20. Bxb4 Rf7 21. Ng3 Qb6+
22. d4 e4 23. Nxf5 Bxf5 24. Bc5 Qe6 25. Nh4 Bg4 26. Ra1 f5 27. g3 f4 28. gxf4
Kh8 29. Ra3 Qh6 30. Ng2 Bf3 31. Raxf3 exf3 32. Rxf3 Rg8 33. Rg3 Qc6 34. c3 Re8
35. Qd1 Rf6 36. Qh5 Rh6 37. Qf7 Rg6 38. Rxg6 Qxg6 39. Qxg6 hxg6 40. Kf2 Bf8 41.
Bb6 Re6 42. Ba5 Bd6 43. Kf3 Re4 44. Bd8 Kg7 45. Bg5 Kf7 46. Ne3 Ke6 47. h4 a5
48. h5 Rxe3+ 49. Kxe3 gxh5 50. Bd8 a4 51. Kf3 Kf5 52. Bg5 b4 53. cxb4 Bxb4 54.
Ke3 Bc3 55. Kd3 Bxb2 56. Be7 Kxf4 57. Bc5 h4 58. Kc2 a3 59. Kb3 h3 60. Ka2 Bxd4
0-1

[Event "24. European Club Cup 2008"]
[Site "Kallithea GRE"]
[Date "2008.10.20"]
[Round "4.28"]
[White "Goes, Sten"]
[Black "Mauquoi, Rudi"]
[Result "1-0"]
[WhiteElo "2143"]
[BlackElo "2032"]
[PlyCount "99"]
[EventDate "2008.10.17"]
[EventType "team-swiss"]
[EventRounds "7"]
[EventCountry "GRE"]
[Source "lmi"]
[SourceDate "2008.10.17"]
[WhiteTeam "Utrecht"]
[BlackTeam "Differdange"]

1. e4 e6 2. d4 d5 3. e5 c5 4. c3 Nc6 5. Nf3 Qb6 6. Bd3 Bd7 7. dxc5 Bxc5 8. O-O
f6 9. b4 Be7 10. Be3 Qc7 11. Bf4 f5 12. Re1 g6 13. a4 h6 14. h4 Qd8 15. Na3 g5
16. Bg3 g4 17. Nh2 Bxh4 18. Nb5 Bxg3 19. fxg3 h5 20. Nd6+ Kf8 21. Nxb7 Qe7 22.
b5 Nd8 23. Nd6 h4 24. Bxf5 exf5 25. Qxd5 hxg3 26. Qxa8 Rxh2 27. Kf1 Qg5 28. Ke2
f4 29. Kd3 f3 30. gxf3 Qd2+ 31. Kc4 Be6+ 32. Kb4 Qb2+ 33. Ka5 Qxc3+ 34. Ka6 Qc7
35. Qxa7 Bc8+ 36. Nxc8 Qxc8+ 37. Ka5 Nb7+ 38. Kb6 Qc5+ 39. Ka6 Qxa7+ 40. Kxa7
gxf3 41. Re3 Rf2 42. Raa3 g2 43. Rxf3+ Ke7 44. Rg3 Nh6 45. Kxb7 Nf5 46. Rg5 Ke6
47. a5 Kxe5 48. Rag3 Kd4 49. Rxg2 Nd6+ 50. Kc6 1-0

[Event "24. European Club Cup 2008"]
[Site "Kallithea GRE"]
[Date "2008.10.20"]
[Round "4.29"]
[White "Zarzo Lopez, Tomas"]
[Black "Maki, Veijo"]
[Result "1-0"]
[WhiteElo "2281"]
[BlackElo "2413"]
[PlyCount "107"]
[EventDate "2008.10.17"]
[EventType "team-swiss"]
[EventRounds "7"]
[EventCountry "GRE"]
[Source "lmi"]
[SourceDate "2008.10.17"]
[WhiteTeam "Merida"]
[BlackTeam "Tammer"]

1. d4 Nf6 2. c4 g6 3. Nc3 d5 4. Nf3 Bg7 5. Bf4 O-O 6. e3 c5 7. dxc5 Ne4 8. Rc1
Nxc3 9. bxc3 dxc4 10. Qxd8 Rxd8 11. Bxc4 Nd7 12. Bc7 Rf8 13. c6 bxc6 14. O-O
Nb6 15. Bb3 c5 16. Be5 Bf5 17. Rfd1 c4 18. Bxg7 Kxg7 19. Bc2 Bxc2 20. Rxc2 Na4
21. Rd4 Rab8 22. g3 Rfc8 23. Ne5 Rb2 24. Rxb2 Nxb2 25. Rd7 Na4 26. Rxe7 Kf6 27.
Rxa7 Nxc3 28. f4 Nd1 29. Rd7 Nxe3 30. Kf2 c3 31. Kxe3 c2 32. Nd3 c1=Q+ 33. Nxc1
Rxc1 34. Rd2 h5 35. Ke4 Ra1 36. Rc2 Re1+ 37. Kd4 Kf5 38. Kc4 h4 39. a4 Ra1 40.
Kb3 Kg4 41. gxh4 Kxf4 42. Rf2+ Kg4 43. Rxf7 Kxh4 44. Rf2 g5 45. Ra2 Rf1 46. a5
g4 47. a6 Kh3 48. Kc4 Rf8 49. Kc5 Rg8 50. a7 Ra8 51. Kb6 Rg8 52. Rc2 Rf8 53.
Kb7 Rf7+ 54. Rc7 1-0

[Event "24. European Club Cup 2008"]
[Site "Kallithea GRE"]
[Date "2008.10.20"]
[Round "4.29"]
[White "Lehtinen, Heikki"]
[Black "Garcia-Ortega Mendez, Jose M"]
[Result "0-1"]
[WhiteElo "2381"]
[BlackElo "2223"]
[PlyCount "72"]
[EventDate "2008.10.17"]
[EventType "team-swiss"]
[EventRounds "7"]
[EventCountry "GRE"]
[Source "lmi"]
[SourceDate "2008.10.17"]
[WhiteTeam "Tammer"]
[BlackTeam "Merida"]

1. d4 Nf6 2. c4 e6 3. Nc3 d5 4. cxd5 exd5 5. Bg5 c6 6. e3 h6 7. Bh4 Be7 8. Bd3
O-O 9. Qc2 Re8 10. f3 c5 11. Nge2 Nc6 12. a3 cxd4 13. exd4 Be6 14. Bf2 Rc8 15.
g4 a6 16. Kf1 b5 17. Qd2 Na5 18. Re1 Nc4 19. Qc1 Rc6 20. h4 Bxg4 21. fxg4 Nxg4
22. Nf4 Nxf2 23. Rxe7 Qxe7 24. Kxf2 Nxb2 25. Bb1 Qf6 26. Rh3 Qxd4+ 27. Kg2 Nc4
28. Ncxd5 Rd6 29. Rd3 Qe5 30. Qc2 g6 31. Qf2 Red8 32. Qf3 Qb2+ 33. Ne2 Rxd5 34.
Rxd5 Rxd5 35. Bxg6 Ne5 36. Bxf7+ Nxf7 0-1

[Event "24. European Club Cup 2008"]
[Site "Kallithea GRE"]
[Date "2008.10.20"]
[Round "4.29"]
[White "Escobar Felix, Eduardo"]
[Black "Lampen, Timo"]
[Result "0-1"]
[WhiteElo "2149"]
[BlackElo "2337"]
[PlyCount "72"]
[EventDate "2008.10.17"]
[EventType "team-swiss"]
[EventRounds "7"]
[EventCountry "GRE"]
[Source "lmi"]
[SourceDate "2008.10.17"]
[WhiteTeam "Merida"]
[BlackTeam "Tammer"]

1. e4 e6 2. d4 d5 3. Nd2 h6 4. Ngf3 Nf6 5. e5 Nfd7 6. Bd3 c5 7. c3 Nc6 8. O-O
g5 9. Bb5 Qb6 10. Bxc6 bxc6 11. h3 Bg7 12. Re1 cxd4 13. cxd4 c5 14. Nb3 c4 15.
Nbd2 O-O 16. Nf1 f6 17. exf6 Nxf6 18. Ne3 Bb7 19. Bd2 Ne4 20. Bc3 Rf4 21. Re2
Raf8 22. Qe1 h5 23. Rd1 Qd8 24. Bb4 R8f7 25. Ba5 Qe8 26. Qb4 Bf8 27. Qe1 Bd6
28. Bd2 g4 29. hxg4 Rxf3 30. gxf3 Ng5 31. Kg2 Nxf3 32. Qh1 Nxd4 33. Ree1 Qf8
34. Rf1 Rh7 35. g5 Qf3+ 36. Kg1 Qg4+ 0-1

[Event "24. European Club Cup 2008"]
[Site "Kallithea GRE"]
[Date "2008.10.20"]
[Round "4.29"]
[White "Mertanen, Janne"]
[Black "Sanchez Silva, Luis Agapito"]
[Result "1-0"]
[WhiteElo "2308"]
[BlackElo "2092"]
[PlyCount "79"]
[EventDate "2008.10.17"]
[EventType "team-swiss"]
[EventRounds "7"]
[EventCountry "GRE"]
[Source "lmi"]
[SourceDate "2008.10.17"]
[WhiteTeam "Tammer"]
[BlackTeam "Merida"]

1. d4 d5 2. c4 e6 3. Nc3 Nf6 4. cxd5 exd5 5. Bg5 Be7 6. e3 O-O 7. Bd3 h6 8. Bh4
b6 9. Nf3 Bb7 10. O-O c5 11. Rc1 Nbd7 12. Qe2 Ne4 13. Bxe7 Qxe7 14. dxc5 bxc5
15. Rfd1 Rfd8 16. Bxe4 dxe4 17. Nd2 Rac8 18. Qb5 Nf8 19. Nb3 a6 20. Qc4 Rxd1+
21. Rxd1 Qe6 22. Na5 Qb6 23. Nxb7 Qxb7 24. b3 Qb4 25. Qxa6 Rb8 26. Nd5 Qb5 27.
Qxb5 Rxb5 28. Nc3 Ra5 29. a4 Ne6 30. h3 f5 31. Rd5 g6 32. b4 Ra8 33. b5 Kf7 34.
Kf1 Ke7 35. Ke2 Rd8 36. b6 c4 37. a5 Rb8 38. g4 fxg4 39. hxg4 Ng5 40. Rb5 1-0

[Event "24. European Club Cup 2008"]
[Site "Kallithea GRE"]
[Date "2008.10.20"]
[Round "4.29"]
[White "Hernandez Cid, Cesar"]
[Black "Sisatto, Olli"]
[Result "0-1"]
[WhiteElo "2065"]
[BlackElo "2283"]
[PlyCount "77"]
[EventDate "2008.10.17"]
[EventType "team-swiss"]
[EventRounds "7"]
[EventCountry "GRE"]
[Source "lmi"]
[SourceDate "2008.10.17"]
[WhiteTeam "Merida"]
[BlackTeam "Tammer"]

1. d4 d5 2. c4 Bf5 3. cxd5 Bxb1 4. Qa4+ c6 5. Rxb1 Qxd5 6. Nf3 Nd7 7. a3 Qe4 8.
Ra1 e5 9. Qb3 O-O-O 10. Ng5 Qxd4 11. Be3 Nc5 12. Qc2 Qd5 13. Bxc5 Bxc5 14. e4
Qd4 15. Rc1 Bb6 16. Bc4 Nh6 17. O-O Qd2 18. Nf3 Qxc2 19. Rxc2 f6 20. b4 Kb8 21.
a4 Rd6 22. a5 Bc7 23. Ra1 Rhd8 24. Rcc1 a6 25. Kf1 Ng8 26. Ke2 Ne7 27. Ra3 f5
28. Bd3 Ka7 29. Ng5 Rg6 30. h4 f4 31. Kf1 Rd4 32. b5 axb5 33. Bxb5 Bd6 34. Rb3
cxb5 35. Rxb5 Rb4 36. Rxb4 Bxb4 37. Nf3 Nc6 38. Rd1 Rd6 39. Rc1 0-1

[Event "24. European Club Cup 2008"]
[Site "Kallithea GRE"]
[Date "2008.10.20"]
[Round "4.30"]
[White "Jessel, Stephen"]
[Black "Sodoma, Jan"]
[Result "0-1"]
[WhiteElo "2303"]
[BlackElo "2358"]
[PlyCount "80"]
[EventDate "2008.10.17"]
[EventType "team-swiss"]
[EventRounds "7"]
[EventCountry "GRE"]
[Source "lmi"]
[SourceDate "2008.10.17"]
[WhiteTeam "Phibsboro"]
[BlackTeam "Ennis"]

1. e4 e5 2. Nf3 Nc6 3. Bc4 Nf6 4. d3 Be7 5. O-O O-O 6. Bb3 d6 7. c3 h6 8. Re1
Nh7 9. h3 Ng5 10. Nbd2 Be6 11. d4 Bxb3 12. Qxb3 Qc8 13. Nxg5 Bxg5 14. Nf3 Bxc1
15. Raxc1 Re8 16. Rcd1 a5 17. dxe5 a4 18. Qc4 Nxe5 19. Nxe5 Rxe5 20. f4 Rc5 21.
Qb4 b6 22. c4 Qe8 23. Rd5 Raa5 24. Kf2 Qc6 25. b3 axb3 26. axb3 Ra2+ 27. Re2
Rca5 28. Qe1 R5a3 29. Rxa2 Rxa2+ 30. Kf3 Qa8 31. Rd3 Rb2 32. Qe3 f5 33. Rd5 Qa1
34. Kg3 fxe4 35. Qxe4 Rxb3+ 36. Kh2 Qf6 37. Rf5 Qh4 38. Qe6+ Kh7 39. Rb5 Qxf4+
40. Kg1 Qe3+ 0-1

[Event "24. European Club Cup 2008"]
[Site "Kallithea GRE"]
[Date "2008.10.20"]
[Round "4.31"]
[White "Gilbert, Jonathan A"]
[Black "Ribbegren, Karl Johan"]
[Result "1/2-1/2"]
[WhiteElo "2069"]
[BlackElo "2067"]
[PlyCount "42"]
[EventDate "2008.10.17"]
[EventType "team-swiss"]
[EventRounds "7"]
[EventCountry "GRE"]
[Source "lmi"]
[SourceDate "2008.10.17"]
[WhiteTeam "Cwmbran"]
[BlackTeam "Monaco"]
[BlackTeamCountry "MNC"]

1. e4 c5 2. Nf3 g6 3. d4 cxd4 4. Nxd4 Nc6 5. c4 Bg7 6. Be3 d6 7. Nc3 Nf6 8. Be2
O-O 9. Nc2 a6 10. O-O Rb8 11. f3 Be6 12. Qd2 Qc7 13. Rac1 Rfc8 14. Nd5 Bxd5 15.
cxd5 Ne5 16. Nd4 Qd8 17. b3 Ned7 18. b4 Rxc1 19. Rxc1 Rc8 20. Rxc8 Qxc8 21. Qc2
Qxc2 1/2-1/2

[Event "24. European Club Cup 2008"]
[Site "Kallithea GRE"]
[Date "2008.10.20"]
[Round "4.31"]
[White "Sabo-Benke, Daniel"]
[Black "Gilbert, Colin"]
[Result "1/2-1/2"]
[WhiteElo "1947"]
[BlackElo "1865"]
[PlyCount "81"]
[EventDate "2008.10.17"]
[EventType "team-swiss"]
[EventRounds "7"]
[EventCountry "GRE"]
[Source "lmi"]
[SourceDate "2008.10.17"]
[WhiteTeam "Monaco"]
[BlackTeam "Cwmbran"]
[WhiteTeamCountry "MNC"]

1. e4 c5 2. Nf3 d6 3. d4 cxd4 4. Nxd4 Nf6 5. Nc3 g6 6. Be3 Bg7 7. f3 O-O 8. Qd2
Nc6 9. Bc4 Bd7 10. O-O-O Rc8 11. Bb3 Ne5 12. Bh6 Nc4 13. Bxc4 Rxc4 14. Bxg7
Kxg7 15. g4 Qa5 16. h4 h5 17. gxh5 Nxh5 18. Rhg1 Rxc3 19. Qxc3 Qxc3 20. bxc3
Nf4 21. Rd2 Rc8 22. Kb2 Kf6 23. Rh2 Rh8 24. Rgh1 Rh5 25. c4 Rc5 26. Kb3 Ke5 27.
Rd2 Ra5 28. Kb2 Rc5 29. Ne2 Rxc4 30. Nxf4 Kxf4 31. h5 gxh5 32. Rxh5 Kxf3 33. e5
Bg4 34. exd6 exd6 35. Rh7 Be6 36. Rxd6 Ra4 37. a3 Re4 38. Rh6 Re5 39. Rf6+ Ke4
40. Rd1 Rb5+ 41. Kc1 1/2-1/2

[Event "24. European Club Cup 2008"]
[Site "Kallithea GRE"]
[Date "2008.10.20"]
[Round "4.31"]
[White "Tew, Paul"]
[Black "Levacic, Adrien"]
[Result "0-1"]
[WhiteElo "2074"]
[BlackElo "1891"]
[PlyCount "82"]
[EventDate "2008.10.17"]
[EventType "team-swiss"]
[EventRounds "7"]
[EventCountry "GRE"]
[Source "lmi"]
[SourceDate "2008.10.17"]
[WhiteTeam "Cwmbran"]
[BlackTeam "Monaco"]
[BlackTeamCountry "MNC"]

1. e4 e5 2. Nf3 Nc6 3. d4 exd4 4. Bc4 Bc5 5. O-O d6 6. c3 dxc3 7. Nxc3 Be6 8.
Bb5 Nge7 9. Nd5 O-O 10. Nf4 Bg4 11. Be3 Bxf3 12. Qxf3 Nd4 13. Bxd4 Bxd4 14.
Rab1 a5 15. Rfd1 Bf6 16. Bc4 Nc6 17. Nd5 Bd4 18. Qb3 Ra7 19. Bb5 Bc5 20. Bxc6
bxc6 21. Nc3 Qh4 22. g3 Qf6 23. Na4 Qxf2+ 24. Kh1 Rb7 25. Qc3 Rb5 26. Rf1 Qd4
27. Qc2 Re8 28. Nc3 Rbb8 29. Rbd1 Qe5 30. b3 Bb4 31. Ne2 Qxe4+ 32. Qxe4 Rxe4
33. Nd4 c5 34. Nf3 f6 35. Nd2 Bxd2 36. Rxd2 Rbe8 37. Rff2 a4 38. Rb2 Rb8 39.
Rg2 axb3 40. Rxb3 Rxb3 41. axb3 Rb4 0-1

[Event "24. European Club Cup 2008"]
[Site "Kallithea GRE"]
[Date "2008.10.21"]
[Round "5.7"]
[White "Perez Candelario, Manuel"]
[Black "Yevseev, Denis"]
[Result "1/2-1/2"]
[WhiteElo "2520"]
[BlackElo "2534"]
[PlyCount "119"]
[EventDate "2008.10.17"]
[EventType "team-swiss"]
[EventRounds "7"]
[EventCountry "GRE"]
[Source "lmi"]
[SourceDate "2008.10.17"]
[WhiteTeam "Linex"]
[BlackTeam "FINEK"]

1. e4 c6 2. d4 d5 3. e5 Bf5 4. Nc3 e6 5. g4 Bg6 6. Nge2 f6 7. h4 fxe5 8. dxe5
Nd7 9. Nd4 Bf7 10. Bf4 Ne7 11. Qe2 Ng6 12. Bg3 Bb4 13. h5 Ne7 14. Bg2 Qb6 15.
Rd1 Qa6 16. Qxa6 bxa6 17. O-O c5 18. Nde2 g6 19. hxg6 hxg6 20. f4 Rc8 21. Nb1
c4 22. Nd2 Bc5+ 23. Bf2 g5 24. Nf3 gxf4 25. Nxf4 Rg8 26. Bxc5 Rxc5 27. Bh3 Ng6
28. Nh5 Ngxe5 29. Nf6+ Nxf6 30. Nxe5 Rg5 31. Rde1 d4 32. Nf3 Nxg4 33. Nxg5 Rxg5
34. Bxg4 Rxg4+ 35. Kf2 Ke7 36. Re5 d3 37. cxd3 cxd3 38. Ke3 Bg6 39. Rf2 Rc4 40.
Ra5 Rc6 41. Rg5 Bf5 42. Rg7+ Kd6 43. Rxa7 Kd5 44. Rd7+ Ke5 45. Rd4 a5 46. a3
Rc5 47. Ra4 Kf6 48. b4 axb4 49. Rxb4 Rc1 50. Ra4 Re1+ 51. Kd2 Ra1 52. Ra5 Kg5
53. Ra8 Kf6 54. Ra5 Kg5 55. Ra8 Kf6 56. Ke3 Re1+ 57. Kd2 Ra1 58. Ke3 Re1+ 59.
Kd2 Ra1 60. Ra5 1/2-1/2

[Event "24. European Club Cup 2008"]
[Site "Kallithea GRE"]
[Date "2008.10.21"]
[Round "5.8"]
[White "Schebler, Gerhard"]
[Black "Minasian, Artashes"]
[Result "0-1"]
[WhiteElo "2467"]
[BlackElo "2541"]
[PlyCount "83"]
[EventDate "2008.10.17"]
[EventType "team-swiss"]
[EventRounds "7"]
[EventCountry "GRE"]
[Source "lmi"]
[SourceDate "2008.10.17"]
[WhiteTeam "Muelheim"]
[BlackTeam "Bank King"]

1. e4 e6 2. d4 d5 3. exd5 exd5 4. Nf3 Bd6 5. c4 Nf6 6. Nc3 O-O 7. cxd5 h6 8.
Be2 Nbd7 9. O-O Nb6 10. Ne5 Nbxd5 11. Nxd5 Nxd5 12. Bc4 Nb6 13. Bb3 Be6 14.
Bxe6 fxe6 15. Qg4 Qf6 16. Nf3 Qf5 17. h3 Rf6 18. Re1 Qd5 19. Qe4 a5 20. a4 Qxe4
21. Rxe4 Nd5 22. Bd2 Ra6 23. Rae1 Rb6 24. Bxa5 Rxb2 25. R4e2 Rb3 26. Bd2 Ra3
27. a5 Nf4 28. Bxf4 Rxf4 29. Rb2 Rxa5 30. Rxb7 Ra2 31. Rb3 g5 32. Rbe3 h5 33.
Re4 g4 34. Rxf4 Bxf4 35. hxg4 hxg4 36. Ne5 g3 37. fxg3 Bxg3 38. Rf1 c5 39. Nf3
c4 40. Ng5 Rd2 41. Rf3 Rd1+ 42. Rf1 0-1

[Event "24. European Club Cup 2008"]
[Site "Kallithea GRE"]
[Date "2008.10.21"]
[Round "5.10"]
[White "Einarsson, Halldor"]
[Black "Stanojoski, Zvonko"]
[Result "1/2-1/2"]
[WhiteElo "2264"]
[BlackElo "2502"]
[PlyCount "79"]
[EventDate "2008.10.17"]
[EventType "team-swiss"]
[EventRounds "7"]
[EventCountry "GRE"]
[Source "lmi"]
[SourceDate "2008.10.17"]
[WhiteTeam "Bolungarvik"]
[BlackTeam "Alkaloid"]

1. d4 Nf6 2. c4 c5 3. d5 b5 4. cxb5 a6 5. b6 Qxb6 6. Nc3 d6 7. e4 g6 8. Nf3 Bg7
9. Be2 O-O 10. O-O a5 11. Nd2 Ba6 12. Nc4 Qc7 13. Bf4 Nfd7 14. Rc1 Nb6 15. Nxb6
Qxb6 16. Na4 Qb4 17. Re1 Nd7 18. Bd2 Qb7 19. Bc3 Bxe2 20. Rxe2 f6 21. f4 Bh6
22. g3 Rfb8 23. Re1 Nf8 24. Rc2 Qd7 25. Rce2 Qg4 26. e5 Bxf4 27. exf6 exf6 28.
Bxf6 Qf5 29. Bc3 Bh6 30. Re7 Qh5 31. g4 Qh3 32. Qe2 Re8 33. Rxe8 Rxe8 34. Qxe8
Qxg4+ 35. Kf2 Qf5+ 36. Ke2 Qc2+ 37. Kf1 Qf5+ 38. Ke2 Qc2+ 39. Kf3 Qf5+ 40. Ke2
1/2-1/2

[Event "24. European Club Cup 2008"]
[Site "Kallithea GRE"]
[Date "2008.10.21"]
[Round "5.12"]
[White "Feygin, Michael"]
[Black "Huzman, Alexander"]
[Result "1/2-1/2"]
[WhiteElo "2569"]
[BlackElo "2590"]
[PlyCount "63"]
[EventDate "2008.10.17"]
[EventType "team-swiss"]
[EventRounds "7"]
[EventCountry "GRE"]
[Source "lmi"]
[SourceDate "2008.10.17"]
[WhiteTeam "Eupen"]
[BlackTeam "Beer Sheva"]

1. e4 e5 2. Nf3 Nf6 3. Nxe5 d6 4. Nf3 Nxe4 5. Nc3 Nxc3 6. dxc3 Be7 7. Bf4 Nd7
8. Qd2 Nc5 9. O-O-O O-O 10. Be3 Re8 11. Bc4 Be6 12. Bxe6 Nxe6 13. h4 Qd7 14.
Qd5 Qc6 15. Qf5 Qc4 16. Kb1 g6 17. Qh3 h5 18. Nd2 Qe2 19. Rde1 Qg4 20. Qh2 d5
21. f3 Qa4 22. g4 Bd6 23. Qf2 hxg4 24. fxg4 Qxg4 25. Ref1 Re7 26. h5 Qg3 27.
Qxg3 Bxg3 28. hxg6 fxg6 29. Rfg1 Be5 30. Rxg6+ Bg7 31. Nb3 Rae8 32. Rg4 1/2-1/2

[Event "24. European Club Cup 2008"]
[Site "Kallithea GRE"]
[Date "2008.10.21"]
[Round "5.12"]
[White "Fiebig, Thomas"]
[Black "Greenfeld, Alon"]
[Result "0-1"]
[WhiteElo "2401"]
[BlackElo "2560"]
[PlyCount "154"]
[EventDate "2008.10.17"]
[EventType "team-swiss"]
[EventRounds "7"]
[EventCountry "GRE"]
[Source "lmi"]
[SourceDate "2008.10.17"]
[WhiteTeam "Eupen"]
[BlackTeam "Beer Sheva"]

1. e4 c6 2. d4 d5 3. exd5 cxd5 4. c4 Nf6 5. Nc3 e6 6. Nf3 Bb4 7. cxd5 Nxd5 8.
Bd2 Nc6 9. Bc4 O-O 10. O-O Nb6 11. Bd3 Nxd4 12. Nxd4 Qxd4 13. Qc2 Qh4 14. Rae1
Bd7 15. a3 Bxc3 16. Bxc3 Nd5 17. Re4 Qh5 18. Re5 f5 19. Bc4 Nf4 20. Re3 Rac8
21. Qb3 Rf7 22. Be5 Nxg2 23. Rg3 f4 24. Bxe6 fxg3 25. Bxf7+ Qxf7 26. Qxf7+ Kxf7
27. Kxg2 gxh2 28. Kxh2 g5 29. Rd1 Be6 30. Rd3 Rc2 31. Rf3+ Ke7 32. Bf6+ Kd7 33.
Rd3+ Ke8 34. Kg3 h6 35. f4 g4 36. Bc3 Re2 37. Bd4 Kf7 38. Bxa7 Rxb2 39. Bf2 Kg6
40. Bd4 Ra2 41. Re3 Bd7 42. Rb3 Rd2 43. Be3 Re2 44. f5+ Kxf5 45. Rc3 Bc6 46.
Rc5+ Kg6 47. Bf4 Bf3 48. Re5 Rg2+ 49. Kh4 Rg1 50. Be3 Rh1+ 51. Kg3 h5 52. Kf4
h4 53. Re6+ Kf7 54. Rh6 h3 55. Bf2 Ra1 56. Kf5 Rxa3 57. Bg3 Ra6 58. Rh7+ Ke8
59. Be5 Kd8 60. Bg3 b5 61. Ke5 b4 62. Kd4 Rc6 63. Rh8+ Kd7 64. Rb8 Rc2 65. Rxb4
h2 66. Bxh2 Rxh2 67. Ke3 Rc2 68. Kf4 Kd6 69. Rb3 Rc4+ 70. Kg3 Ke5 71. Re3+ Kf5
72. Re8 Bd5 73. Kh4 Rc7 74. Rf8+ Rf7 75. Rh8 Kf4 76. Rh5 Be4 77. Rf5+ Bxf5 0-1

[Event "24. European Club Cup 2008"]
[Site "Kallithea GRE"]
[Date "2008.10.21"]
[Round "5.12"]
[White "Khmelniker, Ilya"]
[Black "Buhr, Carl Christian Dr"]
[Result "1/2-1/2"]
[WhiteElo "2443"]
[BlackElo "2346"]
[PlyCount "93"]
[EventDate "2008.10.17"]
[EventType "team-swiss"]
[EventRounds "7"]
[EventCountry "GRE"]
[Source "lmi"]
[SourceDate "2008.10.17"]
[WhiteTeam "Beer Sheva"]
[BlackTeam "Eupen"]

1. d4 d5 2. Nf3 Nc6 3. c4 Bg4 4. Nc3 e6 5. cxd5 exd5 6. Bf4 Bxf3 7. gxf3 Bd6 8.
Qd2 Nge7 9. O-O-O Bxf4 10. Qxf4 Ng6 11. Qg3 a6 12. h4 h5 13. Bh3 b5 14. f4 b4
15. Na4 Qf6 16. e3 Nce7 17. Nc5 Nf5 18. Bxf5 Qxf5 19. Rdg1 Qf6 20. Qh3 Rd8 21.
Rg5 Ne7 22. Qf1 Rd6 23. Qd1 g6 24. Qa4+ Nc6 25. Nb7 Rd7 26. Qxa6 O-O 27. Kb1
Kg7 28. Rc1 Ne7 29. Qxf6+ Kxf6 30. Nc5 Rd6 31. e4 Kg7 32. e5 Rc6 33. Rcg1 Kh6
34. Nd7 Rd8 35. Nf6 Rc4 36. Rd1 Nf5 37. Nxh5 Rxd4 38. Rxd4 Nxd4 39. Ng3 Nf3 40.
Rg4 d4 41. Nf1 d3 42. Kc1 Rd4 43. Ne3 c5 44. b3 Kh5 45. Rg3 Rxf4 46. Ng2 Rf5
47. Ne3 1/2-1/2

[Event "24. European Club Cup 2008"]
[Site "Kallithea GRE"]
[Date "2008.10.21"]
[Round "5.12"]
[White "Vydeslaver, Alik"]
[Black "Petzold, Klaus"]
[Result "1/2-1/2"]
[WhiteElo "2399"]
[BlackElo "2241"]
[PlyCount "62"]
[EventDate "2008.10.17"]
[EventType "team-swiss"]
[EventRounds "7"]
[EventCountry "GRE"]
[Source "lmi"]
[SourceDate "2008.10.17"]
[WhiteTeam "Beer Sheva"]
[BlackTeam "Eupen"]

1. e4 c6 2. d4 d5 3. e5 c5 4. dxc5 Nc6 5. Bb5 e6 6. Be3 Nge7 7. c3 Bd7 8. Bxc6
Nxc6 9. f4 g5 10. fxg5 h6 11. Nf3 Qc7 12. gxh6 O-O-O 13. O-O Bxh6 14. Bd4 Bf4
15. g3 Rdg8 16. Na3 a6 17. b4 f6 18. b5 Nxe5 19. bxa6 bxa6 20. Nxe5 fxe5 21.
Rxf4 exd4 22. Rf3 dxc3 23. Rxc3 Qe5 24. Qd3 Qh5 25. Rc2 Bc6 26. Rf1 d4 27.
Qxa6+ Kd7 28. Qa7+ Kc8 29. Qa6+ Kd7 30. Qa7+ Kc8 31. Qa6+ Kd7 1/2-1/2

[Event "24. European Club Cup 2008"]
[Site "Kallithea GRE"]
[Date "2008.10.21"]
[Round "5.13"]
[White "Markos, Jan"]
[Black "Roeder, Matthias"]
[Result "1-0"]
[WhiteElo "2557"]
[BlackElo "2432"]
[PlyCount "57"]
[EventDate "2008.10.17"]
[EventType "team-swiss"]
[EventRounds "7"]
[EventCountry "GRE"]
[Source "lmi"]
[SourceDate "2008.10.17"]
[WhiteTeam "Novoborsky"]
[BlackTeam "Eynatten"]

1. Nf3 Nf6 2. c4 e6 3. Nc3 d5 4. d4 Be7 5. Bg5 O-O 6. e3 Nbd7 7. Qc2 h6 8. Bh4
c5 9. O-O-O cxd4 10. Rxd4 Nb6 11. g4 Nfd7 12. Bxe7 Qxe7 13. g5 e5 14. Nxd5 Nxd5
15. Rxd5 hxg5 16. Rg1 f6 17. c5 Rf7 18. Bc4 Nf8 19. Rxe5 Be6 20. Re4 Rc8 21. b4
b5 22. Bxe6 Nxe6 23. Nd4 Nxd4 24. exd4 Qb7 25. Rge1 Qd7 26. Qb3 Kf8 27. d5 Qf5
28. d6 Qxf2 29. Qe6 1-0

[Event "24. European Club Cup 2008"]
[Site "Kallithea GRE"]
[Date "2008.10.21"]
[Round "5.13"]
[White "Simacek, Pavel"]
[Black "Schulz, Klaus-Juergen"]
[Result "0-1"]
[WhiteElo "2477"]
[BlackElo "2379"]
[PlyCount "66"]
[EventDate "2008.10.17"]
[EventType "team-swiss"]
[EventRounds "7"]
[EventCountry "GRE"]
[Source "lmi"]
[SourceDate "2008.10.17"]
[WhiteTeam "Novoborsky"]
[BlackTeam "Eynatten"]

1. e4 c6 2. d4 d5 3. exd5 cxd5 4. Bd3 Nc6 5. c3 Nf6 6. Bf4 e6 7. Nf3 Bd6 8.
Bxd6 Qxd6 9. O-O O-O 10. Nbd2 Bd7 11. Re1 Rfb8 12. a4 Be8 13. Ne5 Ne7 14. Qe2
a5 15. g3 Ng6 16. h4 Nf8 17. Kg2 N6d7 18. h5 Nb6 19. h6 g6 20. Qf3 Qe7 21. Bb5
Bxb5 22. axb5 a4 23. Qf4 Rc8 24. Re3 Ra5 25. Rf3 f5 26. b4 Raa8 27. Re3 g5 28.
Qf3 Qe8 29. Qe2 Rc7 30. Nf1 Rac8 31. Ra3 Qd8 32. Qd2 Qf6 33. Re1 Ng6 0-1